Statistics for Top 5 - Geographical Groups of Things - England

Click here to take the quiz!

General Stats

  • This quiz has been taken 350 times
  • The average score is 17 of 40

Answer Stats

HintAnswer% Correct
Longest RiversThames
91%
Busiest Airports (by passenger traffic)London Heathrow
86%
Largest Stadiums by CapacityWembley Stadium
83%
Busiest Airports (by passenger traffic)London Gatwick
77%
Busiest Airports (by passenger traffic)Manchester
74%
Longest RiversSevern
67%
Busiest Airports (by passenger traffic)London Luton
60%
Largest Counties by AreaNorth Yorkshire
56%
Largest Stadiums by CapacityOld Trafford
56%
Largest National Parks by AreaLake District
55%
Largest Counties by AreaDevon
53%
Most Populated CountiesGreater London
50%
Busiest London Railway StationsWaterloo
49%
Largest Counties by AreaCumbria
48%
Busiest Airports (by passenger traffic)London Stansted
46%
Largest National Parks by AreaPeak District
46%
Busiest London Railway StationsVictoria
46%
Busiest London Railway StationsEuston
45%
Largest Counties by AreaNorfolk
45%
Most Populated CountiesWest Yorkshire
43%
Most Populated CountiesGreater Manchester
41%
Most Populated CountiesWest Midlands
40%
Largest Stadiums by CapacityEmirates Stadium
38%
Largest Counties by AreaLincolnshire
34%
Longest RiversTrent
34%
Busiest London Railway StationsLiverpool Street
33%
Smallest Official Cities by PopulationCity of London
28%
Most Populated CountiesHampshire
26%
Largest Stadiums by CapacityTwickenham Stadium
25%
Smallest Official Cities by PopulationEly
22%
Largest National Parks by AreaYorkshire Dales
22%
Smallest Official Cities by PopulationTruro
20%
Largest National Parks by AreaNorth York Moors
18%
Smallest Official Cities by PopulationWells
17%
Busiest London Railway StationsLondon Bridge
16%
Largest Stadiums by CapacityLondon Stadium
16%
Longest RiversWye
16%
Largest National Parks by AreaSouth Downs
13%
Smallest Official Cities by PopulationRipon
12%
Longest RiversGreat Ouse
9%

Score Distribution

Percentile by Number Answered

Percent of People with Each Score

Your Score History

You have not taken this quiz